| 000 | 00535nam a22001577a 4500 | ||
|---|---|---|---|
| 003 | macl | ||
| 005 | 20191206130409.0 | ||
| 008 | 191206b xxu||||| |||| 00| 0 eng d | ||
| 040 | _c macl | ||
| 082 | _a800/DIN | ||
| 100 |
_aशुक्ल, डॉ .सत्यानंद _977472 |
||
| 245 | _aदिनकर व्यक्ति एवं कृति | ||
| 260 |
_aदिल्ली _bआरोग्य निधि प्रकाशन _c2018 |
||
| 650 |
_aरचनावली _9163 |
||
| 942 |
_2ddc _cHIN |
||
| 999 |
_c61529 _d61529 |
||